00395nam a2200133Ia 4500008004100000082001600041100002600057245002300083260002000106600001200126942000700138952009900145999001700244241002s9999 xx 000 0 und d a962.053 BRE aBreasted, James Henry 2aA History of Egypt aNew York:c1967 aHistory cUC 00104070aUITUbUITUd1994-01-01l0o962.053 BREpUC261r2024-10-02 09:31:14w2024-10-02yUC c18588d18588